|
|
|
|
| LEADER |
00000naa a2200000 i 4500 |
| 001 |
publ560 |
| 005 |
20150302144154.0 |
| 008 |
150302s2011 hu o 000 zxx d |
| 040 |
|
|
|a BGE Publikációtár Repozitórium
|b hun
|
| 100 |
1 |
|
|a Válóczi Marianna
|
| 245 |
1 |
2 |
|a A tolmácsoláshoz szükséges képességek és a tolmács-személyiség alakulása napjainkban. Képességfejlesztés a Tolmácsolás-gyakorlat órán
|c Válóczi Marianna
|h [elektronikus dokumentum]
|
| 260 |
|
|
|a Budapesti Gazdasági Főiskola
|c 2011
|
| 300 |
|
|
|a 28-36
|
| 490 |
0 |
|
|a Tudományos Évkönyv 2010: Merre tovább? Gazdaság és társadalom, realitás és esély
|
| 650 |
|
4 |
|a neveléstudományok
|
| 695 |
|
|
|a Tolmácsolás
|
| 695 |
|
|
|a Képességfejlesztés
|
| 856 |
4 |
0 |
|u https://publikaciotar.uni-bge.hu/id/eprint/560/1/tek_2010_03.pdf
|z Dokumentum-elérés
|